Családtörténet néhány gazdaságtörténeti vonatkozással (Báró Bői Orosdy Fülöpné életútja)

Bibliográfiai részletek
Szerző: Engelberth István
Dokumentumtípus: Könyv része
Megjelent: Budapesti Gazdaságtudományi Egyetem Budapest 2025
Sorozat:Szemelvények a BGE kutatásaiból 2024
Tárgyszavak:
doi:10.29180/978-615-6886-21-7_4

Kulcsszavak:dualizmus
Herzog
Orosdy
parlament
Szécsény
Online Access:http://publikaciotar.uni-bge.hu/2567

MARC

LEADER 00000naa a2200000 i 4500
001 publ2567
005 20251125122706.0
008 251125s2025 hu o 000 zxx d
020 |a 978-615-6886-21-7 
024 |a 10.29180/978-615-6886-21-7_4  |2 doi 
040 |a BGE Publikációtár Repozitórium  |b hun 
100 1 |a Engelberth István 
245 1 0 |a Családtörténet néhány gazdaságtörténeti vonatkozással (Báró Bői Orosdy Fülöpné életútja)  |c Engelberth István  |h [elektronikus dokumentum] 
260 |a Budapesti Gazdaságtudományi Egyetem  |b Budapest  |c 2025 
300 |a 34-41 
490 0 |a Szemelvények a BGE kutatásaiból 2024 
520 3 |a Báró Bői Orosdy Fülöpné életpályája jól példázza történelmünket a dualizmus korától a II. világháborúig. Gazdaságilag sikeres zsidó származású család, katolizálás, felemelkedés az arisztokráciába. Nyugatias műveltség és kitekintés, változó női szerep. Mindez egyszerre hely- , nő-, család-, arisztokrácia- és politikatörténet, de kapcsolódási pontjai vannak Magyarország globális (európai) történetéhez is. Illusztrálja, az 1930-as évek Magyarországát, a két világháború között társadalmi befolyásából veszítő arisztokráciát, amit az országon túltekintő perspektívákban gondolkozó és a generációkon átívelő pálya kudarca zárt le. A témának tanulságos gazdaságtörténeti kapcsolódási pontjai is vannak. A bárónő életének feltárását jelentősen nehezíti, hogy az Orosdy család iratanyaga nem maradt fenn. Jelen munka két nagy forrásból táplálkozik: levéltári forrásokból (Magyar Nemzeti Levéltár, Nógrád Vármegyei Levéltár) illetve a korabeli sajtóban, leginkább a kereszténypártot segítő Központi Sajtóvállalat lapjaiban megjelent információkból. Ez utóbbiak esetén szükséges az alapos forráskritika. Segítséget adnak azok a munkák, tanulmányok, melyek néhol érintik a bárónő életének egyes részleteit. Mint minden kutatás, mely még a kezdeteknél jár, tele van bizonytalanságokkal, és számos megválaszolandó kérdés várja a „megoldását”. Az alábbiakban néhány ilyen aspektust és kérdést igyekszem felvázolni. 
650 4 |a szociológiai tudományok 
695 |a dualizmus 
695 |a Herzog 
695 |a Orosdy 
695 |a parlament 
695 |a Szécsény 
856 4 0 |u https://publikaciotar.uni-bge.hu/id/eprint/2567/1/BGE%20Szemelv%C3%A9nyek%202024%20III.%20k%C3%B6tet_4.pdf  |z Dokumentum-elérés